000 00790cam a2200241 a 4500
001 000002129
005 20200929145837.0
008 770806s1968 sp a 000 0 spa
040 _aDO-SdBNP
_bspa
_cBNPHU
041 1 7 _aeng
_hspa
082 _a612.6
_bS413c
100 1 _aSchweinitz, Karl de,
_d1887
_96824
240 1 0 _aGrowing up.
_lEspañol
245 1 0 _aCómo nacemos /
_cKarl de Schweinitz ; prólogo, P. F. Raurell ; traducción, José M. Valverde.
260 _aBarcelona :
_bAriel,
_c1968.
300 _a63 p. :
_bil. ;
_c22 cm.
534 _pTítulo original:
_tGrowing up
650 4 _aReproducción humana
_92377
650 4 _aReproducción
_96825
650 4 _aSexo en el matrimonio
_9804
700 1 _aRaurell, P. F.,
_epról.
_96826
700 1 _aValverde, José M.,
_etr.
_96827
999 _c1981
_d1981